000 00264nam a2200109Ia 4500
008 220204s9999 xx 000 0 und d
082 _a82-3
_bMAN
100 _aManohar Malgonkar
245 0 _aBandicoot run
260 _aDelhi
_bOrient Paperbacks
_c1982
942 _cBK
999 _c38678
_d38678